01421nam a2200313 u 4500001001000000003000900010005001700019008004100036020001500077040002500092082002000117245018400137260007200321300002800393504007300421650003900494650005800533650005400591651006000645651006600705651005000771651006600821651002300887700004000910700003000950700004100980710004901021710003701070000037429DO-SdBNP20260319132126.0120416s2004 dr a r 000 0 spa d a9993487996 aDO-SdBNPbspacBNPHU a330.97293bB93200aBuilding strategic partnerships for development :bDominican Republic-New York State /ceditor, María Elizabeth Rodríguez, Ramona Hernández ; prologo por Leonel Fernández. aSanto Domingo :bFundación Global Democracia y Desarrollo,c2004. a408 p. :bil. ;c29 cm. aIncluye referencias bibliográficas y notas al pie de las páginas 0aAlianzas estratégicas (Negocios) 4aDominicanos estadounidensesxCondiciones económicas 4aDominicanos estadounidensesxCondiciones sociales 4aRepública DominicanaxCondiciones económicasy1961- 4aRepública DominicanaxRelaciones exterioreszEstados Unidos 4aEstados Unidos xEmigración e inmigración 4aEstados UnidosxRelaciones exterioreszRepública Dominicana 4aNueva York (N.Y.) 12aRodríguez, María Elizabetheed.12aHernández, Ramona,eed.12aFernández, Leonel,d1953-epról.2 aFundación Global Democracía y Desarrollo2 aCUNY Dominican Studies Institute